Kraje uczestniczące w 2 Wojnie Światowej - Statystyki

Ogólne statystyki
  • Ten quiz został rozwiązany 2 350 razy
  • Średni wynik to 23 z 43
Statystyki odpowiedzi
Strona Kraj % Poprawnych
Alianci Polska
95%
Państwa Osi Niemcy
93%
Alianci Francja
91%
Alianci USA
90%
Państwa Osi Japonia
89%
Alianci Włochy
89%
Państwa Osi Włochy
89%
Alianci ZSRR
84%
Alianci Chiny
78%
Alianci Norwegia
75%
Alianci Kanada
74%
Państwa Osi Finlandia
70%
Alianci Rumunia
70%
Państwa Osi Rumunia
70%
Państwa Osi Węgry
70%
Alianci Belgia
69%
Alianci Holandia
69%
Alianci Anglia
67%
Alianci Dania
65%
Alianci Grecja
65%
Alianci Jugosławia
63%
Alianci Australia
60%
Alianci Bułgaria
58%
Państwa Osi Bułgaria
58%
Alianci Turcja
52%
Alianci Luksemburg
48%
Alianci Czechosłowacja
45%
Alianci Albania
43%
Państwa Osi Albania
43%
Państwa Osi Słowacja
40%
Alianci Nowa Zelandia
38%
Państwa Osi Chorwacja
33%
Państwa Osi Serbia
31%
Alianci Mongolia
30%
Państwa Osi Irak
28%
Alianci Etiopia
18%
Alianci Filipiny
18%
Państwa Osi Francja Vichy
10%
Alianci Indie Brytyjskie
9%
Państwa Osi Syjam
9%
Państwa Osi Mandżukuo
8%
Państwa Osi Birma
4%
Alianci Związek Południowej Afryki
2%
Nie znaleziono quizów pasujących do podanych kryteriów
Rozkład punktacji
Procent ludzi z każdym wynikiem
Percentyl według liczby udzielonych odpowiedzi
Twoja historia wyników
Nie rozwiązałeś tego quizu